Quinta jornada sobre orígenes romanísticos de los principios generales del derecho.

Zapisane w:
Opis bibliograficzny
1. autor: Rinaldi, Norberto Darío (autor)
Kolejni autorzy: Álvarez, Mirta Beatriz (autora), Guzmán Brito, Alejandro Ángel (autor), Aramburu, Romina (autora), Zini Haramboure, Paola E. (autora), Abelenda, Virginia (autora), Martinuz, Adriana Beatriz (autora), Facciuto Kaed, Anabella (autora), Estrada, Susana Isabel (autora), Rodríguez Campagna, Mercedes (autora), Miceli, Marilina Andrea (autora), Núñez, Leticia Inés (autora), Somovilla, Claudia G. (autora), Maggio, Luis Aníbal (autor), Di Pietro, Alfredo Gustavo (autor), Ghirardi, Juan Carlos (autor), Filippi, Cristina (autora)
Format: Książka
Wydane: Buenos Aires, Argentina: Universidad de Flores, 2014.
Wydanie:1a ed.
Hasła przedmiotowe:
Etykiety: Dodaj etykietę
Nie ma etykietki, Dołącz pierwszą etykiete!

MARC

LEADER 00000nam a22000007a 4500
003 CL-VaPUC
005 20240403173752.0
008 220801t2014 ||||| |||| 00| 0 eng d
999 |c 437797  |d 437795 
020 |a 9789877100280 
040 |c Pontificia Universidad Católica de Valparaíso 
082 |a 340.1 RIN 2014 
100 1 |a Rinaldi, Norberto Darío  |e autor  |9 874442 
245 |a Quinta jornada sobre orígenes romanísticos de los principios generales del derecho. 
250 |a 1a ed. 
260 |a Buenos Aires, Argentina:  |b Universidad de Flores,  |c 2014. 
300 |a 276 páginas. 
500 |a c.1 Donación Familia Prof. Alejandro Guzmán Brito. 
505 |a QUINTA JORNADA SOBRE ORÍGENES ROMANÍSTICOS DE LOS PRINCIPIOS GENERALES DEL DERECHO / Mirta Beatriz Álvarez LOS PRINCIPIOS DEL DERECHO Y EL DERECHO ROMANO / Alejandro Guzmán Brito EL DELITO DE FALSIFICACIÓN EN ROMA / Romina del Valle Aramburu ALGUNOS EJEMPLOS DE LA APLICACIÓN DEL PRNCIPIO DE LA PROTECCIÓN A LA PARTE MÁS DEBIL EN LOS NEGOCIOS MERCANTILES EN ROMA / Mirta Beatriz Álvarez ORÍGENES ROMANOS DEL PRINCIPIO DE PROTECCIÓN DEL MAS DEBIL Y SU PROYECCIÓN ACTUAL EN EL ÁMBITO DE LA BIOÉTICA / Paola E. Zini Haramboure AEQUITAS Y DEUDAS Y LA JUSTICIA DEL CASO CONCRETO / Virginia Abelenda EL ARTÍCULO 1114 DEL CÓDIGO CIVIL ARGENTINO, LA RESPONSABILIDAD DE LOS PADRES POR LOS DAÑOS OCASIONADOS POR SUS HIJOS. ORIGEN ROMANÍSTICO / Mariana Verónica Sconda LA TEORÍA DE LA IMPRESIÓN Y LA EQUIDADA LA LUZ DEL DERECHO ROMANO Y SU TRATAMIENTO EN LA LEGISLACIÓN NACIONAL ACTUAL / Adriana Beatriz Martínuz y Anabella Facciuto Kaed EL PRINCIPIO SUUM CI UQUE TRIBUERE EN LA LEY DE REPRODUCCIÓN MEDICAMENTE ASISTIDA / Susana Isabel Estrada EL ABUSO DEL DERECHO / Mercedes Rodríguez Campagña APLICACIÓN JURÍDICA DE LA BUENA FE EN NUESTRO CÓDIGO CIVIL DESDE LA BONA FIDESA LA ACTUALIDAD / Marilina Andrea Miceli y Leticia Inés Núñez SOBRE EL APORTE DE LA CONSTITUCIÓN ROMANA AL CONSTITUCIONALISMO MODERNO / Claudia G. Somovilla DICEN ULPIANO Y CELSO (H) SOBRE DERECHO / Luis Aníbal Maggio LOS CUATRO LOGROS DEL GENIO JURÍDICO ROMANO EN LA OBRA DE ÁLVARO D´ORS /Alfredo Gustavo Di Pietro PRINCIPIO DE EQUIDAD. LA PROTECCIÓN DEL MÁS DÉBIL / Juan Carlos Ghirardi y Cristina Filippi ¿QUÉ SE ENTIENDE POR “DERECHO ROMANO”? / Norberto Rinaldi 
583 |c 20220801  |k Catalogador Asistente 
650 |a Teoría del derecho  |9 874461 
650 |a Principios jurídicos  |9 458993 
700 |a Álvarez, Mirta Beatriz  |e autora  |9 874443 
700 |a Guzmán Brito, Alejandro Ángel  |e autor  |9 388 
700 |a Aramburu, Romina  |e autora  |9 874445 
700 |a Zini Haramboure, Paola E.  |e autora  |9 874446 
700 |a Abelenda, Virginia  |e autora  |9 874447 
700 |a Martinuz, Adriana Beatriz  |e autora  |9 874448 
700 |a Facciuto Kaed, Anabella  |e autora  |9 874449 
700 |a Estrada, Susana Isabel  |e autora  |9 874450 
700 |a Rodríguez Campagna, Mercedes  |e autora  |9 874451 
700 |a Miceli, Marilina Andrea  |e autora  |9 874452 
700 |a Núñez, Leticia Inés  |e autora  |9 874453 
700 |a Somovilla, Claudia G.  |e autora  |9 874454 
700 |a Maggio, Luis Aníbal  |e autor  |9 874455 
700 |a Di Pietro, Alfredo Gustavo  |e autor  |9 874456 
700 |a Ghirardi, Juan Carlos  |e autor  |9 874457 
700 |a Filippi, Cristina  |e autora  |9 874458 
942 |2 ddc  |c BK 
952 |0 0  |1 0  |3 erb  |4 0  |6 340_100000000000000_QUI_2014  |7 0  |8 A  |9 507755  |a BIBDER  |b BIBDER  |i 5131219  |l 3  |m 1  |o 340.1 QUI 2014  |p 5131219  |q 2025-05-26  |r 2025-03-24  |s 2025-03-24  |w 2020-01-23  |y BK  |z Catalogado en:20141230  |k DER 
952 |0 0  |1 0  |3 erb  |4 0  |6 340_100000000000000_QUI_2014  |7 0  |8 A  |9 507756  |a BIBDER  |b BIBDER  |i 5524237  |o 340.1 QUI 2014  |p 5524237  |r 2023-01-25  |w 2020-01-23  |y BK  |z Catalogado en:20181220  |k DER